00394nam a2200121Ia 450000500170000000800410001708200190005810000160007724500410009326000410013430000120017550000850018720250310064955.0240331s9999 xx 000 0 und d bRAG26101a973 aRaghavan, P 0a9/11:bSoozhchi - Veezhchi - Meetchi aChennai,bKizhakku Pathippagamc2004 a280 p., aA complete study of Al-Qaeda's attack on American targets on September 11, 2011.